| 000 | 00866nam a2200313 a 4500 | ||
|---|---|---|---|
| 001 | 43175 | ||
| 003 | AR-BaAGN | ||
| 005 | 20231223063244.0 | ||
| 007 | ta | ||
| 008 | 220625s2016 ag |||||r|||| ||||||spa d | ||
| 020 | _a978-987-558-388-7 | ||
| 040 |
_dAR-BaAGN _bspa _eaacr _aAR-BaAGN |
||
| 100 | 1 | _aGrassi, Luciano | |
| 245 | 1 | 0 | _aArqueología del terrorismo de Estado en el partido de Quilmes |
| 250 | _a1ª ed. | ||
| 260 |
_aBernal : _bUniversidad Nacional de Quilmes, _c2016. |
||
| 300 | _a128 páginas | ||
| 336 |
_2rdacontent _btxt |
||
| 337 |
_2rdamedia _bn |
||
| 338 |
_2rdacarrier _bnc |
||
| 650 | 4 |
_aTERRORISMO DE ESTADO _9423 |
|
| 650 | 4 |
_aDERECHOS HUMANOS _91641 |
|
| 650 | 4 |
_aHISTORIA ARGENTINA _92450 |
|
| 651 | 4 |
_aArgentina _93645 |
|
| 700 | 1 | _aLozano, Mario E. | |
| 700 | 1 | _aSonderéguer, María | |
| 942 |
_cLIBRO _n0 |
||
| 999 |
_c43175 _d43175 |
||